00538nam a22001697a 450000500170000001000130001702000250003003500120005503700130006708200080008010000320008824500660012024600500018626000380023627000730027430000210034720230717124134.0 aUR-12071 a9789383239399c60.00 aU-10626 bDBAD/PUB a841 aقطب الد ین شجاع aپیام فکر و تد بّر /cقطب الد ین شجاع aPayam-e-Fikr-o Tadabbur /bby Qutbuddin Shuja aNew DelhibApplied Booksc2016 ء a1739/10, New Kohinoor Hotel, Pataudi House, Darya GanjbNew Delhie2 a80 صc21cm(pbk)